000 00302nam a2200109Ia 4500
008 171211s9999 xx 000 0 und d
245 _a5 Steps to a 5: AP Microeconomics 2017
245 _cEric R. Dodge
260 _c2016
650 _xEconomics
856 _uhttp://down.ebook777.com/064/1259588025.pdf
999 _c348094
_d348094